| 000 | 00394nam a2200157 a 4500 | ||
|---|---|---|---|
| 001 | 3101 | ||
| 005 | 20140414131918.0 | ||
| 008 | 060201s19uu xx 00 eng d | ||
| 050 |
_aER _bN66 1998 |
||
| 100 | _aBrill, MarleneTarg | ||
| 245 | _aNoah's ark. | ||
| 260 |
_aIllinois : _bPublications International, _c1998. |
||
| 300 | _a1 v. p. ; cm. | ||
| 650 | _aBible stories. | ||
| 999 |
_c111629 _d111629 |
||